La Revolution : (Record no. 6390)
[ view plain ]
| 000 -LEADER | |
|---|---|
| campo de control de longitud fija | 00954nam a2200277 i 4500 |
| 001 - NÚMERO DE CONTROL | |
| campo de control | 6390 |
| 003 - IDENTIFICADOR DE NÚMERO DE CONTROL | |
| campo de control | ES-MaACL |
| 005 - FECHA Y HORA DE LA ÚLTIMA TRANSACCIÓN | |
| campo de control | 20250809063445.0 |
| 007 - CAMPO FIJO DE DESCRIPCIÓN FÍSICA--INFORMACIÓN GENERAL | |
| campo de control de longitud fija | t| |
| 008 - DATOS DE LONGITUD FIJA--INFORMACIÓN GENERAL | |
| campo de control de longitud fija | 891009s1989 fr ||||1| fre d |
| 020 ## - NÚMERO INTERNACIONAL ESTÁNDAR DEL LIBRO | |
| Número Internacional Estándar del Libro | 2-010009462-X |
| 080 ## - NÚMERO DE LA CLASIFICACIÓN DECIMAL UNIVERSAL | |
| Número de la Clasificación Decimal Universal | 9(44)"1770/1880" |
| 100 1# - ENTRADA PRINCIPAL--NOMBRE DE PERSONA | |
| Nombre de persona | Furet, François, |
| Fechas asociadas al nombre | 1927-1997 |
| Término indicativo de función/relación | Autor |
| 9 (RLIN) | 53035 |
| 245 13 - MENCIÓN DEL TÍTULO | |
| Título | La Revolution : |
| Resto del título | de Turgot a Jules Ferry, 1770-1880 / |
| Mención de responsabilidad, etc. | Francois Furet |
| 260 ## - PUBLICACIÓN, DISTRIBUCIÓN, ETC. | |
| Lugar de publicación, distribución, etc. | Paris : |
| Nombre del editor, distribuidor, etc. | Hachette, |
| Fecha de publicación, distribución, etc. | 1989 |
| 300 ## - DESCRIPCIÓN FÍSICA | |
| Extensión | 525 páginas : |
| Otras características físicas | ilustraciones ; |
| Dimensiones | 30 cm |
| 490 1# - MENCIÓN DE SERIE | |
| Mención de serie | Histoire de France Hachette |
| Designación de volumen o secuencia | 4 |
| RLIN | 227804 |
| 651 #4 - PUNTO DE ACCESO ADICIONAL DE MATERIA--NOMBRE GEOGRÁFICO | |
| Nombre geográfico | Francia- |
| Subdivisión general | Historia- |
| Subdivisión cronológica | 1715-1792 |
| 9 (RLIN) | 8702 |
| 651 #4 - PUNTO DE ACCESO ADICIONAL DE MATERIA--NOMBRE GEOGRÁFICO | |
| Nombre geográfico | Francia- |
| Subdivisión general | Historia- |
| Subdivisión cronológica | 1789-1799, Revolución |
| 9 (RLIN) | 241176 |
| 651 #4 - PUNTO DE ACCESO ADICIONAL DE MATERIA--NOMBRE GEOGRÁFICO | |
| Nombre geográfico | Francia- |
| Subdivisión general | Historia- |
| Subdivisión cronológica | 1789-1900 |
| 9 (RLIN) | 8693 |
| 830 #0 - PUNTO DE ACCESO ADICIONAL DE SERIE-TÍTULO UNIFORME | |
| Título uniforme | Histoire de France Hachette ; |
| Designación de volumen o secuencia | 4 |
| 9 (RLIN) | 227804 |
| 852 4# - LOCALIZACIÓN | |
| Ubicación | ES-MaACL |
| Sublocalización o colección | R.117171 |
| Ubicación en estantería | Depósito 2 |
| Número de control de estantería | L-13561 |
| Encuadernación | Tela |
| 942 ## - ELEMENTOS DE ENTRADA SECUNDARIOS (KOHA) | |
| Fuente del sistema de clasificación o colocación | Clasificación decimal universal |
| Tipo de ítem Koha | Libro impreso |
| Suprimir en OPAC | No |
| Estatus retirado | Estado de pérdida | Estado de daño | No para préstamo | Biblioteca de origen | Biblioteca actual | Ubicación en estantería | Fecha de adquisición | Fuente de adquisición | Total de préstamos | Signatura topográfica completa | Código de barras | Visto por última vez | Precio de reemplazo | Tipo de ítem Koha |
|---|---|---|---|---|---|---|---|---|---|---|---|---|---|---|
| Biblioteca del Ateneo de Madrid | Biblioteca del Ateneo de Madrid | Depósito 2 | 17/01/2008 | L-13561 | 1006505 | 23/02/2023 | 23/02/2023 | Libro impreso |
